01627nam a22003737a 4500003000400000005001700004008004100021040002200062082001800084100003000102245003000132260006000162300002100222366000800243490002900251505001200280505002100292505001200313505001400325505006900339505001100408505026400419650006000683650005200743650005300795650004300848650004500891650005600936650004700992700003601039942002901075999001501104952013401119OSt20230616083255.0221006b |||||||| |||| 00| 0 eng d cBiblioteca Lado V a709.05bG851a 9855aGriffin, Timeeditor aArtforum/bInternacional/ aNew Yorkc2004bNew York editorial and business offices c26.5x27cma316p. eeng aOctubrev2004x0864-1315 tLetters tBACK TO TOMORROW tPOPISMS tMY WARHOL tPOP AFTER POPaA Roundtable Screen Test: Jeff Koons's Olive Oyl tMY POP tTHIS IS TODAYaSampling the Globe Pop Life: Los super Elegantes Performing the System Performing the Self: Martin Kippenberger TV, or Not TV: Alex Bag Subject to Revision What's Not to like?: Mike Kelley Black to Front: Robert Colescott Image Building 2Tesauro de Arte & ArquitecturaaARTE COMTEMPORANEO9703 2Tesauro de Arte & ArquitecturaaFOTOGRAFIA9702 2Tesauro de Arte & ArquitecturaaARTE VISUAL9702 2Tesauro de Arte & ArquitecturaaLIBROS 2Tesauro de Arte & ArquitecturaaNOTICIAS 2 Tesauro de Arte & ArquitecturaaARTE INTERNACIONAL 2 Tesauro de Arte & ArquitecturaaESCULTURA aNavarreta, Jose Antonioeeditor 2ddcc1h709.05iG851an0 c3846d3846 00102ddc3200440708RevistasaLVbLVd2023-06-16hOctubrei002538l0o709.05 G851ap002538r2023-06-16 00:00:00w2023-06-16y1